Themes in arabic and Hebrew syntax

Αποθηκεύτηκε σε:
Λεπτομέρειες βιβλιογραφικής εγγραφής
Άλλοι συγγραφείς: Ouhalla, Jamal, 1961- (Επιμελητής έκδοσης), Shlonsky, Ur (Επιμελητής έκδοσης)
Μορφή: Βιβλίο
Γλώσσα:English
Δημοσίευση: Dordrecht : Kluwer Academic, 2002
Σειρά:Studies in natural language and linguistic theory
Θέματα:
Ετικέτες: Προσθήκη ετικέτας
Δεν υπάρχουν, Καταχωρήστε ετικέτα πρώτοι!

MARC

LEADER 00000cam a2200000 i 4500
001 1/63945
008 041026s2002 eng d
020 |a 1-4020-0537-7 
035 |l 10074922 
040 |a GR-MY-UA  |b gre  |e aacr 
041 0 |a eng 
082 0 |a 492.75 
245 1 0 |a Themes in arabic and Hebrew syntax /  |c edited by Jamal Ouhalla, Ur Shlonsky 
260 |a Dordrecht :   |b Kluwer Academic,   |c 2002 
300 |a 324 p. 
490 1 |a Studies in natural language and linguistic theory 
504 |a Includes bibliographical references and index 
650 0 0 |a Arabic language  |x Syntax. 
650 0 0 |a Hebrew language  |x Syntax. 
650 0 0 |a Arabic language  |x Grammar, Comparative  |x Hebrew. 
650 0 0 |a Hebrew language  |x Grammar, Comparative  |x Arabic. 
700 1 |a Ouhalla, Jamal,   |d 1961-  |4 edt 
700 0 |a Shlonsky, Ur.  |4 edt 
830 0 |a Studies in natural language and linguistic theory 
852 |a INST  |b RHODES  |e 20041026  |h 492.75 THE  |p 005400018305  |q 005400018305  |t BK  |y 0 
901 |a BIBL4-2004-3 
909 |a Ρ  |b 110071 
920 |a ΔΙΕΥΡΥΝΣΗ  |b ΕΠΕΑΕΚ ΙΙ-ΤΜΣ  |y ΡΟΔΟΣ  |z 2004-10 
970 |a ΚΟΥΛΑΚΙΟΤΗ  |b ΛΙΤΣΑ  |z 2004/10/26